00895nam a2200181 i 4500001000700000003000900007005001700016008004100033245022000074260006900294300004400363594005500407650004200462700005500504852002000559999001900579952011500598187762ES-MaACL20251108164635.0180214s1911 sp |||| | spa d03aEl Fuero de Zorita de los Canes según el códice 247 de la Biblioteca Nacional (siglo XIII al XIV) y sus relaciones con el Fuero Latino de Cuenca y el Romanceado de Alcázar / cpor Rafael de Ureña y Smenjaud. a[S.l.] : b[s.n.], c1911 (eMadrid : fEstab. Tip. de Fortanet) aXL, 423 p., [2] h. de lám. ; c24 cm. aPrecede al título: Real Academia de la Historia. 4aFueros-zZorita de los Canes.91642521 aUreña y Smenjaud, Rafael de, d1852-19309112127 aES-MaACLjA-341 c187762d187762 00104070aATENEOMbATENEOMcSPP1d2018-02-14l0oA-341p1198366r2023-02-23 00:00:00w2023-02-23yMONOGRAFIA